000 00878nam a2200253Ia 4500
003 OSt
005 20221005112943.0
006 a|||||r|||| 00| 0
007 ta
008 221004b |||||||| |||| 00| 0 eng d
020 _a9788175992399 (hbk)
_c200
024 _a117497
037 _b657, 22/03/2012, H.K. Prakashan
_cTextual
040 _aCRL
_cCRL
_beng
041 _2eng
_aeng
082 _aO111973,3M99,OM, 153Q2
100 _aਹੈਮਿੰਗਵੇ, ਅਰਨੈਸਟ
245 0 _aਬੁੱਢਾ ਤੇ ਸਮੁੰਦਰ
260 _aਦਿੱਲੀ
_bਨਵਯੁਗ ਭਾਰਤ
_c2012
300 _a113ਪੰ
_ccm.
650 _aਪੰਜਾਬੀ ਸਾਹਿਤ
942 _hO111973,3M99,OM, 153Q2
_cTEXL
_2cc
999 _c1026551
_d1026551